| 000 | 00971nam a2200253 u 4500 | ||
|---|---|---|---|
| 003 | MX-MxUPN | ||
| 005 | 20260415064240.0 | ||
| 008 | 190926s2009 mx r 000 0 spa d | ||
| 020 | _a9786074130416 | ||
| 035 | _aUPN01000233118 | ||
| 040 |
_aMX-MxUPN _bspa _cMX-MxUPN |
||
| 050 | 0 | 0 |
_aLB2892 _bS7.64 |
| 111 | 2 |
_943514 _aSeminario Internacional Itinerante : desarrollo de la gestión educativa en México : situación actual y perspectivas ( _d2009 : _cMéxico) |
|
| 245 | 1 | 0 |
_aSeminario Internacional Itinerante : _bdesarrollo de la gestión educativa en México : situación actual y perspectivas / _cAntonio Bolivar... [et al.]. |
| 250 | _a1a ed. | ||
| 260 |
_aMéxico : _bUniversidad Pedagógica Nacional, _c2009. |
||
| 300 | _a377 p. | ||
| 650 | 4 |
_aEscuelas _xDirección y organización _zMéxico _911302 |
|
| 650 | 4 |
_aEvaluación educativa _94298 |
|
| 700 | 1 |
_aBolívar Botía, Antonio _944248 |
|
| 905 | _aLibro | ||
| 942 |
_2lcc _cLIBRO |
||
| 999 |
_c205213 _d205213 |
||